000 00583nam a22001457a 4500
020 _a0-590-5557-91
082 _a823
_bSTI/G
100 _aSTINE, R L
245 _aGOOSEBUMPS - NIGHT OF THE LIVING DUMMY
260 _aLONDON
_bHIPPO
_c1993
300 _a134
520 _aKris and Lindy are twin sisters. But when Lindy finds a ventriloquist dummy and names it Slappy, she starts getting all the attention. It's when Kris gets her own dummy to show up her sister that things get weird. Dummies aren't real... are they?
650 _aCHILDRENS STORY BOOK
_zUNITED KINGDOM
942 _cBK
999 _c8023
_d8023